Paesi in base al numero di tornei ATP (Tennis) - Statistics

Statistiche generali
  • Questo quiz è stato fatto 27 volte
  • Il punteggio medio è 22 su 29
Statistiche sulle risposte
Grande Slam Master 1000 Master 500 Master 250 Paese % Corretto
1 1 0 3 Francia
100%
0 1 0 0 Italia
100%
0 1 1 1 Spagna
100%
1 0 0 2 Australia
96%
0 0 3 1 Germania
96%
1 0 1 1 Regno Unito
96%
1 3 2 3 Stati Uniti
96%
0 1 1 2 Cina
92%
0 1 0 0 Canada
88%
0 0 1 0 Giappone
88%
0 0 0 1 Argentina
85%
0 0 1 1 Austria
81%
0 0 0 1 Belgio
81%
0 0 1 0 Brasile
81%
0 0 1 1 Messico
81%
0 0 1 1 Paesi Bassi
81%
0 0 0 1 Croazia
77%
0 1 0 0 Monaco
77%
0 0 1 2 Svizzera
77%
0 0 0 1 Cile
73%
0 0 0 2 Svezia
69%
0 0 0 1 Serbia
65%
0 0 0 1 Nuova Zelanda
58%
0 0 0 1 Romania
58%
0 0 0 1 Marocco
50%
0 0 1 0 Emirati Arabi Uniti
42%
0 0 1 0 Qatar
42%
0 0 0 1 Kazakistan
31%
0 0 0 1 Hong Kong
8%
Nessun quiz corrispondente trovato
Distribuzione punteggi
Percentuale di utenti per punteggio
Percentile per numero di risposta
I tuoi punteggi nel tempo
Non hai fatto questo quiz